Guest Relations a Hotel Palazzo Zichyben

Bibliographic Details
Main Author: Válóczi Natália
Other Authors: Schablik dr Vilmos
Format: Project work
Kulcsszavak:vendégkapcsolat
guest relations
Online Access:http://dolgozattar.uni-bge.hu/12519

MARC

LEADER 00000nnm a2200000 i 4500
001 dolg12519
005 20170620103229.0
008 170524suuuu hu o 000 hun d
040 |a BGE Dolgozattár Repozitórium  |b hun 
041 |a hu 
100 1 |a Válóczi Natália 
245 1 0 |a Guest Relations a Hotel Palazzo Zichyben  |c Válóczi Natália  |h [elektronikus dokumentum] 
516 |a Project_work 
695 |a vendégkapcsolat 
695 |a guest relations 
700 1 |a Schablik dr Vilmos  |e ths 
856 4 0 |u http://dolgozattar.uni-bge.hu/12519/1/Guest%20Relations%20a%20Hotel%20Palazzo%20Zichyben.pdf  |z Dokumentum-elérés